Statistics for Countries Could Qualify in World Cup 2022

Click here to take the quiz!

General Stats

  • This quiz has been taken 80 times
    (46 since last reset)
  • The average score is 28 of 32

Answer Stats

Qualification Method
Answer% Correct
CONMEBOL Round Robin Runner-upArgentina
97%
HostQatar
97%
CONCACAF Third Round WinnerCanada
95%
UEFA Group D WinnerFrance
95%
AFC Third Round Group B Runner-upJapan
95%
AFC Third Round Group A Runner-upSouth Korea
95%
CONCACAF Third Round Third PlaceUnited States
95%
UEFA Group I WinnerEngland
92%
CONCACAF Third Round Runner-upMexico
92%
UEFA Second Round Path C WinnerPortugal
92%
UEFA Group B WinnerSpain
92%
CONMEBOL Round Robin Third PlaceUruguay
92%
AFC Third Round Group B WinnerSaudi Arabia
90%
AFC–CONMEBOL Play-off WinnerAustralia
87%
CONMEBOL Round Robin WinnerBrazil
87%
UEFA Group H WinnerCroatia
87%
CAF Third Round Match 1 WinnerSenegal
87%
UEFA Group F WinnerDenmark
85%
AFC Third Round Group A WinnerIran
85%
UEFA Group G WinnerNetherlands
85%
UEFA Second Round Path A WinnerWales
85%
CAF Third Round Match 2 WinnerCameroon
82%
CONMEBOL Round Robin Fourth PlaceEcuador
82%
UEFA Group J WinnerGermany
82%
CAF Third Round Match 3 WinnerGhana
82%
CAF Third Round Match 4 WinnerMorocco
82%
UEFA Second Round Path B WinnerPoland
82%
UEFA Group A WinnerSerbia
82%
CAF Third Round Match 5 WinnerTunisia
82%
UEFA Group E WinnerBelgium
79%
CONCACAF–OFC Play-off WinnerCosta Rica
79%
UEFA Group C WinnerSwitzerland
74%

Score Distribution

Percentile by Number Answered

Percent of People with Each Score

Your Score History

You have not taken this quiz since the last reset